Esszé és regény
Elmentve itt :
| Szerző: | |
|---|---|
| Adatforrás: | Meister |
| Forrásdokumentuma: | Korunk. - 5 sz., 1999, 20-22 p. |
| Nyelv: | magyar |
| Kulcsszavak: | irodalomelmélet esszé NÉMETH László PROUST Marcel |
| LEADER | 00400nab a2200157 i 4500 | ||
|---|---|---|---|
| 001 | bibPRO00003619 | ||
| 008 | 060524s1999 xx hun | ||
| 040 | |a Sz1 | ||
| 041 | |a hun | ||
| 100 | 1 | |a SZILÁGYI Júlia | |
| 245 | 1 | 0 | |a Esszé és regény |c SZILÁGYI Júlia |
| 695 | |a irodalomelmélet | ||
| 695 | |a esszé | ||
| 695 | |a NÉMETH László | ||
| 695 | |a PROUST Marcel | ||
| 773 | 0 | |t Korunk. - |g 5 sz., 1999, 20-22 p. | |